000 00586nam a2200241Ia 4500
003 OSt
005 20220924153411.0
006 a|||||r|||| 00| 0
007 ta
008 220923b |||||||| |||| 00| 0 tam d
024 _a349795
037 _cTextual
040 _aARTS
_cARTS
_btam
041 _2tam
_atam
082 _aB9, 31K1
100 _aRamasamy Au.
_9228716
245 0 _aVanaththin vannakolam
260 _c1961
300 _a175p.
_ccm.
650 _aMATHEMATICS
_92141
942 _hB9, 31K1
_cTEXL
_2CC
999 _c473450
_d473450